| 000 | 00546nam a2200181Ia 4500 | ||
|---|---|---|---|
| 003 | GCL | ||
| 008 | 140319s9999 xx 000 0 ara d | ||
| 040 |
_aGCL / _cGCL |
||
| 082 | 0 | 4 |
_a810.9 _bع ط |
| 100 | 1 | _aعبدالمنعم ابراهيم الدسوقى | |
| 245 | 1 | 0 |
_aطه حسين والجامعة المصرية / _cعبدالمنعم ابراهيم الدسوقى |
| 300 | _a87 | ||
| 490 |
_a100 قصة _v0 |
||
| 650 | 0 | 4 | _aالادب العربى |
| 650 | 0 | 4 | _aجامعة القاهرة |
| 650 | 0 | 4 | _aطه حسين |
| 942 |
_2ddc _cBK |
||
| 999 |
_c43412 _d43412 |
||